000 00576nam a2200205Ia 4500
003 GCL
008 140319s9999 xx 000 0 eng d
040 _aGCL /
_cGCL
082 0 4 _aCC
_b962.6216
_bK A
100 1 _aKUBIAK, WLADYSLAW B.
245 1 0 _aAL-FUSTAT: ITS FOUNDATION AND EARLY URBAN DEVELOPMENT /
_cKUBIAK, WLADYSLAW B.
260 _a[S.N] :
_bTHE AMERICAN UNIVERSITY IN CAIRO PRESS ،
_c1988
650 0 4 _aEGYPT
650 0 4 _aANCIENT EGYPT
650 0 4 _aCAIRO
650 0 4 _aEGYPTOLOGY
650 0 4 _aAL - FUSTAT
650 0 4 _aANCIENT CAIRO
942 _2ddc
_cBK
999 _c11954
_d11954